Marx y los derechos humanos

Saved in:
Bibliographic Details
Main Author: Atienza Rodríguez, Manuel (Author)
Format: Book
Language:Spanish
Published: Madrid Mezquita 1983
Subjects:
Tags: Add Tag
No Tags, Be the first to tag this record!

MARC

LEADER 00000nam a2200000 a 4500
001 UCV1194
003 CL-VaPUC
008 891128e19830000SP |||||||||||||||||spa|d
082 0 4 |a 323.4  |b ATI  |2 21 
100 0 |a Atienza Rodríguez, Manuel  |e author  |9 295435 
245 1 0 |a Marx y los derechos humanos 
300 |a 280 p 
942 |c BK 
945 |d 19891128 00:00:00 
260 |a Madrid  |b Mezquita  |c 1983 
650 0 |a Derechos humanos  |9 223025 
650 0 |a Marxismo  |9 295436 
583 |a last modification  |c 19891128 00:00:00  |k Rodrigo Vera 
999 |c 209221  |d 209219 
952 |0 0  |1 0  |4 0  |6 323_400000000000000_ATI_1983  |7 0  |8 DER_TF  |9 184531  |a BIBDER  |b BIBDER  |d 2019-11-14  |i 2517981  |l 1  |o 323.4 ATI 1983  |p 2517981  |r 2023-01-25  |s 2020-03-16  |w 2019-11-14  |x Ubicación 4to Piso  |y BK  |z Estos recursos deben solicitarse con anticipación  |k DER